[Event "21st Open"]
[Site "Reykjavik ISL"]
[Date "2004.03.07"]
[Round "1"]
[White "Kononenko,T"]
[Black "Sutovsky,E"]
[Result "0-1"]
[WhiteElo "2353"]
[BlackElo "2666"]
[EventDate "2004.03.07"]

1. d4 Nf6 2. c4 g6 3. Nc3 d5 4. Nf3 Bg7 5. Bf4 O-O 6. e3 c5 7. dxc5 Ne4 8.
Rc1 Nxc3 9. bxc3 Qa5 10. Qb3 dxc4 11. Bxc4 Qxc5 12. Ng5 Qf5 13. g4 Qf6 14.
Ne4 Qb6 15. Qxb6 axb6 16. f3 Nc6 17. Bc7 Ne5 18. Bxe5 Bxe5 19. Rd1 Ra4 20.
Bb3 Rxe4 21. fxe4 Bxg4 22. Rd5 Bxc3+ 23. Kf2 Bb4 24. h3 Bc8 25. Kg2 Be6 26.
Rd3 Bxb3 27. Rxb3 Bc5 28. Rd1 Ra8 29. Rd2 Ra4 30. Kf3 Kg7 31. a3 Kf6 32.
Rd7 Ra7 33. h4 Ke6 34. Rd8 h5 35. Rdd3 Ra4 36. Rbc3 f5 37. exf5+ gxf5 38.
Rd8 Rxh4 39. Rh8 f4 40. Rc4 Rh3+ 41. Kg2 Rg3+ 42. Kh2 Rxe3 43. Rxh5 f3 44.
Kg3 f2+ 45. Kxf2 Re5+ 0-1

[Event "21st Open"]
[Site "Reykjavik ISL"]
[Date "2004.03.07"]
[Round "1"]
[White "Nataf,IA"]
[Black "Thorarinsson,P"]
[Result "1-0"]
[WhiteElo "2569"]
[BlackElo "2278"]
[EventDate "2004.03.07"]

1. e4 d6 2. d4 Nf6 3. Nc3 g6 4. f4 Bg7 5. Nf3 c5 6. Bb5+ Bd7 7. e5 Ng4 8.
e6 fxe6 9. Ng5 Bxb5 10. Nxe6 Bxd4 11. Nxb5 Qa5+ 12. Qd2 Bf2+ 13. Kd1 Ne3+
14. Ke2 Qxb5+ 15. Kxf2 Ng4+ 16. Kg3 Qd7 17. Re1 Nf6 18. b3 Kf7 19. Bb2 Na6
20. Ng5+ Kg7 21. Re6 Rhf8 22. Rae1 Rae8 23. Qe3 Nc7 24. Rxe7+ Rxe7 25.
Qxe7+ Qxe7 26. Rxe7+ 1-0

[Event "21st Open"]
[Site "Reykjavik ISL"]
[Date "2004.03.07"]
[Round "1"]
[White "Bjarnason,S"]
[Black "Bu Xiangzhi"]
[Result "0-1"]
[WhiteElo "2329"]
[BlackElo "2606"]
[EventDate "2004.03.07"]

1. d4 Nf6 2. c4 c6 3. Nc3 d5 4. Nf3 dxc4 5. a4 Bf5 6. e3 e6 7. Bxc4 Bb4 8.
O-O O-O 9. Qe2 Bg6 10. Rd1 Nbd7 11. Ne5 Nxe5 12. dxe5 Nd7 13. f4 Qe7 14.
Bd2 f6 15. exf6 Nxf6 16. h3 Kh8 17. Be1 Rae8 18. g4 Nd5 19. Kh2 Qc7 20.
Rac1 Bc5 21. Bxd5 exd5 22. Nxd5 cxd5 23. b4 Qxf4+ 0-1

[Event "21st Open"]
[Site "Reykjavik ISL"]
[Date "2004.03.07"]
[Round "1"]
[White "Bjornsson,T"]
[Black "Pavlovic,Mi"]
[Result "1/2-1/2"]
[WhiteElo "2256"]
[BlackElo "2548"]
[EventDate "2004.03.07"]

1. e4 e6 2. d4 d5 3. exd5 exd5 4. Bd3 Nf6 5. Ne2 c5 6. dxc5 Bxc5 7. O-O O-O
8. Bg5 h6 9. Bh4 Nc6 10. Nbc3 Be6 11. Nf4 Qd6 12. Bg3 Qd7 13. Qd2 Rad8 14.
Rad1 d4 15. Ne4 Nxe4 16. Bxe4 Bf5 17. Bxf5 Qxf5 18. Nd3 Rfe8 19. Rfe1 Bf8
1/2-1/2

[Event "21st Open"]
[Site "Reykjavik ISL"]
[Date "2004.03.07"]
[Round "1"]
[White "Thorhallsson,T"]
[Black "Ingolfsdottir,H"]
[Result "1-0"]
[WhiteElo "2459"]
[BlackElo "2051"]
[EventDate "2004.03.07"]

1. e4 e6 2. d4 d5 3. Nc3 Nf6 4. Bg5 dxe4 5. Nxe4 Be7 6. Bxf6 gxf6 7. Nf3 a6
8. Qd2 f5 9. Ng3 h5 10. h4 Bf6 11. O-O-O b5 12. Be2 Bb7 13. Ng5 Bxg5 14.
hxg5 h4 15. Nh5 Nd7 16. Rxh4 Rg8 17. f4 Bxg2 18. Qe3 Bd5 19. Ng3 Qe7 20.
Bf3 c6 21. Re1 O-O-O 22. Bxd5 cxd5 23. Nxf5 Qf8 24. Nh6 Rg7 25. f5 Re8 26.
Ng4 Kb7 27. Rh6 exf5 28. Qxe8 Qxe8 29. Rxe8 fxg4 30. Rd6 Kc7 31. Rxd5 f6
32. Re4 Kc6 33. Rf5 Kd6 34. gxf6 Rg6 35. f7 g3 36. Re1 g2 37. Rg1 Ke7 38.
Rf2 Nf6 39. Rgxg2 Rh6 40. Rh2 Rg6 41. Rfg2 Rxg2 42. Rxg2 Kxf7 43. Re2 1-0

[Event "21st Open"]
[Site "Reykjavik ISL"]
[Date "2004.03.07"]
[Round "1"]
[White "Aronian,L"]
[Black "Thorfinnsson,Bj"]
[Result "1-0"]
[WhiteElo "2648"]
[BlackElo "2340"]
[EventDate "2004.03.07"]

1. d4 Nf6 2. c4 e6 3. Nc3 Bb4 4. Qc2 d5 5. cxd5 exd5 6. Bg5 c6 7. e3 Nbd7
8. Bd3 Nf8 9. Nge2 Ng6 10. O-O Bd6 11. f3 Be6 12. Kh1 c5 13. dxc5 Bxc5 14.
Bxf6 gxf6 15. f4 Ne7 16. f5 Bc8 17. e4 b6 18. exd5 Bb7 19. Rae1 O-O 20. Qc1
Nxd5 21. Be4 Be3 22. Qc2 Re8 23. Bxd5 Bxd5 24. Rd1 Rc8 25. Qb1 Bd2 26. Nf4
Bxf4 27. Rxf4 Re5 28. Qd3 Rc5 29. Rd4 Qe7 30. Qg3+ 1-0

[Event "21st Open"]
[Site "Reykjavik ISL"]
[Date "2004.03.07"]
[Round "1"]
[White "Maack,K"]
[Black "Olafsson,H1"]
[Result "0-1"]
[WhiteElo "2176"]
[BlackElo "2504"]
[EventDate "2004.03.07"]

1. e4 c5 2. Nc3 e6 3. g3 d5 4. d3 Nc6 5. Bg2 Nf6 6. Nge2 d4 7. Nb1 Be7 8.
O-O O-O 9. Nd2 b5 10. a4 Ba6 11. axb5 Bxb5 12. f4 a5 13. b3 a4 14. h3 axb3
15. Nxb3 Rxa1 16. Nxa1 e5 17. fxe5 Nxe5 18. Bf4 Nfd7 19. g4 Qb6 20. Kh1 c4
21. dxc4 Bxc4 22. Bxe5 Nxe5 23. Rf5 Nc6 24. Nb3 g6 25. Rd5 Bxd5 26. exd5
Ne5 27. Nexd4 Bd6 28. Qe2 Re8 29. Qf1 Qb4 0-1

[Event "21st Open"]
[Site "Reykjavik ISL"]
[Date "2004.03.07"]
[Round "1"]
[White "Thorsteinsson,E"]
[Black "Galego,L"]
[Result "0-1"]
[WhiteElo "2138"]
[BlackElo "2479"]
[EventDate "2004.03.07"]

1. c4 c5 2. Nc3 Nc6 3. g3 g6 4. Bg2 Bg7 5. e3 e6 6. Nge2 Nge7 7. O-O O-O 8.
d4 cxd4 9. exd4 d5 10. cxd5 exd5 11. Bg5 Qb6 12. Qd2 Rd8 13. Nf4 f6 14.
Nfxd5 Nxd5 15. Nxd5 Qxd4 16. Qxd4 Nxd4 17. Nxf6+ Kf7 18. Nd5 Rd7 19. Rae1
Ne6 20. Bc1 Rb8 21. Rd1 b6 22. Rfe1 Bb7 23. Rxe6 Bxd5 24. Ree1 Rbd8 25. Bh3
Re7 26. Rxe7+ Kxe7 27. Bg5+ Bf6 28. Bxf6+ Kxf6 29. f4 Ke7 30. a3 Rd6 31.
Kf2 Bb3 32. Rxd6 Kxd6 33. Ke3 Bd5 34. Kd4 Bf3 35. g4 Bd5 36. g5 Bb3 37. f5
Bf7 38. Bg4 Bb3 39. h4 Bc2 40. fxg6 hxg6 41. Bf3 Bb3 42. Be4 Bf7 43. Bd3
Be8 44. Bc4 Ke7 45. Ke5 Bd7 46. h5 gxh5 47. g6 Be8 48. g7 Bf7 49. g8=Q Bxg8
50. Bxg8 h4 51. Be6 0-1

[Event "21st Open"]
[Site "Reykjavik ISL"]
[Date "2004.03.07"]
[Round "1"]
[White "Halldorsson,Br"]
[Black "Erenburg,S"]
[Result "0-1"]
[WhiteElo "2211"]
[BlackElo "2523"]
[EventDate "2004.03.07"]

1. d4 d5 2. c4 e6 3. Nc3 c6 4. Nf3 Nf6 5. Bg5 h6 6. Bh4 dxc4 7. e4 g5 8.
Bg3 b5 9. e5 Nh5 10. Be2 Nxg3 11. hxg3 Nd7 12. a4 Bb4 13. Nd2 Bb7 14. Nde4
Be7 15. axb5 cxb5 16. Bf3 Qb6 17. O-O Rd8 18. Rxa7 Bxe4 19. Rxd7 Rxd7 20.
Bxe4 Rxd4 21. Qf3 O-O 22. Ne2 Rd2 23. Qh5 Kg7 24. g4 Rxe2 0-1

[Event "21st Open"]
[Site "Reykjavik ISL"]
[Date "2004.03.07"]
[Round "1"]
[White "Markus,R"]
[Black "Ptacnikova,L"]
[Result "1-0"]
[WhiteElo "2527"]
[BlackElo "2214"]
[EventDate "2004.03.07"]

1. d4 Nf6 2. c4 e6 3. Nf3 Bb4+ 4. Bd2 a5 5. g3 b6 6. Bg2 Bb7 7. O-O Bxd2 8.
Nbxd2 d6 9. Qc2 Nbd7 10. e4 e5 11. Rad1 exd4 12. Nxd4 O-O 13. Nb1 Re8 14.
Nc3 Nc5 15. Rfe1 Nfd7 16. b3 Ne5 17. f4 Nc6 18. Ndb5 f6 19. a3 Qd7 20. Nd5
Na6 21. Qc3 Ne7 22. Ndxc7 Nxc7 23. Nxd6 Bc6 24. Nxe8 Qxe8 25. Rd6 Nc8 26.
Rd2 Ne7 27. Red1 Ne6 28. b4 Kf7 29. h4 Qb8 30. Qe3 axb4 31. axb4 Ra4 32.
Qb3 Qa7 33. f5 Nc7 34. b5 Ra3 35. Qb4 Ra4 36. Qd6 Ne8 37. c5 1-0

[Event "21st Open"]
[Site "Reykjavik ISL"]
[Date "2004.03.07"]
[Round "1"]
[White "Stefansson,H"]
[Black "Sigfusson,S"]
[Result "1/2-1/2"]
[WhiteElo "2572"]
[BlackElo "2285"]
[EventDate "2004.03.07"]

1. d4 f5 2. g3 e6 3. Bg2 d5 4. Nh3 c5 5. e3 Nc6 6. O-O Nf6 7. b3 Qb6 8. Bb2
cxd4 9. exd4 Bd6 10. c4 dxc4 11. Nd2 Na5 12. d5 O-O 13. dxe6 Bxe6 14. Ng5
Bb4 15. Nxe6 Qxe6 16. Nxc4 Rad8 17. Qb1 Ne4 18. Qc1 Nxc4 19. bxc4 Rd2 20.
Ba3 Bxa3 21. Qxa3 Qxc4 22. Qxa7 b5 23. a3 f4 24. Rae1 f3 25. Bxf3 Rxf3 26.
Qa8+ Rf8 27. Qxe4 Qxe4 28. Rxe4 Ra8 29. Re7 Rxa3 30. Rc1 Rf3 31. Rcc7 Rfxf2
32. Rxg7+ Kf8 33. Rxh7 Rg2+ 34. Kh1 Kg8 35. Rh4 Rge2 36. Rc1 b4 1/2-1/2

[Event "21st Open"]
[Site "Reykjavik ISL"]
[Date "2004.03.07"]
[Round "1"]
[White "Hagesaether,E"]
[Black "Pedersen,NV"]
[Result "1/2-1/2"]
[WhiteElo "2194"]
[BlackElo "2510"]
[EventDate "2004.03.07"]

1. Nf3 Nf6 2. g3 d5 3. Bg2 e6 4. O-O Be7 5. d3 c5 6. Nbd2 b6 7. e4 Bb7 8.
e5 Nfd7 9. h4 Nc6 10. Re1 Qc7 11. Qe2 O-O-O 12. Nf1 h6 13. N1h2 Rdg8 14.
Bh3 g5 15. h5 Bf8 16. c3 Ne7 17. d4 Nf5 18. g4 Ng7 19. Be3 c4 20. b3 Kb8
21. bxc4 dxc4 22. Nd2 Qc6 23. f3 Be7 24. Qxc4 Qxc4 25. Nxc4 Rc8 26. Bf1 Bd5
27. Nd2 Rxc3 28. Bb5 Rd8 29. Ne4 Rc7 30. a4 a5 31. Rec1 f5 32. Rxc7 Kxc7
33. Rc1+ Kb8 34. Nc3 Bb7 35. Kf1 Ba3 36. Rc2 Nf8 37. Bd3 Rc8 38. Nb5 Rxc2
39. Bxc2 Bb4 40. f4 gxf4 41. Bxf4 fxg4 42. Nxg4 Nxh5 43. Bxh6 Ng3+ 1/2-1/2

[Event "21st Open"]
[Site "Reykjavik ISL"]
[Date "2004.03.07"]
[Round "1"]
[White "Gunnarsson,R"]
[Black "Kristjansson,S"]
[Result "0-1"]
[WhiteElo "2016"]
[BlackElo "2404"]
[EventDate "2004.03.07"]

1. e4 c5 2. g3 b6 3. Bg2 Bb7 4. Nc3 g6 5. d3 Bg7 6. Nf3 a6 7. O-O d6 8. Nh4
Nc6 9. f4 b5 10. Nd5 Nf6 11. Ne3 Qd7 12. c3 O-O 13. Nf3 Rad8 14. Nc2 e5 15.
Qe2 Rfe8 16. Be3 exf4 17. gxf4 Nh5 18. Rae1 f5 19. Bh3 c4 20. dxc4 Rxe4 21.
Nd2 Re7 22. cxb5 Nb8 23. Nd4 Rde8 24. Qf2 axb5 25. N2b3 Ba8 26. Bg2 Bxg2
27. Kxg2 Na6 28. Bd2 Nc5 29. Rxe7 Rxe7 30. Re1 Ne4 31. Qe2 Qb7 32. Qxb5
Nxd2+ 33. Qxb7 Rxb7 34. Nxd2 Rxb2 35. Rd1 Nxf4+ 36. Kf3 Nd3 37. Ke3 Ne5 38.
Ne6 Bh6+ 39. Ke2 Rxa2 40. Nd4 Nc4 0-1

[Event "21st Open"]
[Site "Reykjavik ISL"]
[Date "2004.03.07"]
[Round "1"]
[White "Hardarson,R"]
[Black "Rogers,I"]
[Result "0-1"]
[WhiteElo "2307"]
[BlackElo "2582"]
[EventDate "2004.03.07"]

1. e4 c6 2. d4 d5 3. Nd2 dxe4 4. Nxe4 Nf6 5. Nxf6+ gxf6 6. Ne2 h5 7. Nf4
Bg4 8. Qd3 e6 9. Bd2 Nd7 10. h3 Bf5 11. Qc3 Bd6 12. Bd3 Bxd3 13. Qxd3 Qc7
14. Qf3 Bxf4 15. Qxf4 Qxf4 16. Bxf4 Rg8 17. Ke2 e5 18. dxe5 fxe5 19. Bh2
Ke7 20. Rhe1 Rg5 21. Kf1 Rag8 22. Re3 f6 23. Rd1 Nc5 24. Rd2 Rxg2 25. Bg3
Ne4 26. Rxe4 R8xg3 27. Rb4 b6 28. Ra4 a5 29. b4 Rg1+ 30. Ke2 Rxh3 31. bxa5
b5 32. Rb4 Ra3 33. c4 Rg4 34. Rb3 Rxa5 35. cxb5 cxb5 36. Rdb2 Rga4 37. Rxb5
Rxb5 38. Rxb5 Rxa2+ 39. Kf3 Ra4 40. Rb7+ Ke6 41. Rh7 h4 42. Rh8 Kf5 43.
Rh5+ Kg6 44. Rh8 Kg5 45. Rg8+ Kf5 46. Rh8 Ra3+ 47. Kg2 h3+ 48. Kh2 Kg5 49.
Rg8+ Kf4 50. Rh8 f5 51. Rh4+ Kg5 52. Rh8 Rd3 53. Rg8+ Kf4 54. Rh8 e4 0-1

[Event "21st Open"]
[Site "Reykjavik ISL"]
[Date "2004.03.07"]
[Round "1"]
[White "Pokorna,Reg"]
[Black "Sigurdsson,J"]
[Result "1-0"]
[WhiteElo "2390"]
[BlackElo "2002"]
[EventDate "2004.03.07"]

1. e4 d5 2. exd5 Qxd5 3. Nc3 Qa5 4. Bc4 Nf6 5. d3 c6 6. Bd2 Qc7 7. Qe2 Bf5
8. f3 h5 9. O-O-O Nbd7 10. Qf2 e6 11. Nge2 Ne5 12. Bf4 Bd6 13. g3 Qb6 14.
Qxb6 axb6 15. Bb3 O-O-O 16. Ne4 Bc7 17. Ng5 Rhf8 18. d4 Ng6 19. Bxc7 Kxc7
20. h3 Ne7 21. g4 Bg6 22. Nf4 Nfd5 23. Bxd5 exd5 24. Rde1 Rde8 25. Re5 Kd7
26. Rhe1 hxg4 27. hxg4 Ng8 28. Nxg6 fxg6 29. Ne6 Rf7 30. Nc5+ bxc5 31. Rxe8
Nf6 32. R8e5 cxd4 33. b4 Kd6 34. Rg5 Kc7 35. Rxg6 Kd7 36. Rg5 Ne8 37. Rf5
Rxf5 38. gxf5 Nd6 39. Re5 Nc4 40. f4 Nd6 41. Kd2 Nb5 42. Kd3 Nc3 43. Kxd4
Nxa2 44. c3 1-0

[Event "21st Open"]
[Site "Reykjavik ISL"]
[Date "2004.03.07"]
[Round "1"]
[White "Arngrimsson,D"]
[Black "Romanishin,O"]
[Result "0-1"]
[WhiteElo "2239"]
[BlackElo "2537"]
[EventDate "2004.03.07"]

1. e4 c5 2. c3 Qa5 3. Nf3 e6 4. Bc4 b5 5. Bb3 Bb7 6. Qe2 Ne7 7. O-O c4 8.
Bc2 Ng6 9. d4 cxd3 10. Bxd3 a6 11. Be3 Nc6 12. Nbd2 Qc7 13. g3 Nce5 14.
Nxe5 Nxe5 15. Bc2 Bc5 16. f3 O-O 17. Kg2 Bxe3 18. Qxe3 b4 19. Rac1 bxc3 20.
Bb1 Bc6 21. Rxc3 Rfb8 22. b3 a5 23. Rfc1 a4 24. Qf4 axb3 25. axb3 Qd6 26.
h4 f6 27. h5 h6 28. g4 Rb4 29. Kg3 Ra1 30. R3c2 Qd4 31. Rc3 Qd6 32. R3c2
Rd4 33. Nc4 Nxc4 34. bxc4 Qxf4+ 35. Kxf4 Rd3 36. Ra2 Ra3 37. Rcc2 e5+ 38.
Kg3 Bxe4 39. Rxa1 Rxa1 40. fxe4 Rxb1 41. Rd2 Rb7 42. c5 Kf7 43. Rd6 Rc7 44.
Rd5 Ke6 45. Rd6+ Ke7 46. Rd5 Ra7 47. Kf3 Ra3+ 48. Kf2 Rc3 0-1

[Event "21st Open"]
[Site "Reykjavik ISL"]
[Date "2004.03.07"]
[Round "1"]
[White "Ragnarsson,J"]
[Black "Krush,I"]
[Result "0-1"]
[WhiteElo "2122"]
[BlackElo "2465"]
[EventDate "2004.03.07"]

1. d4 Nf6 2. c4 e6 3. Nc3 Bb4 4. Bg5 h6 5. Bh4 c5 6. d5 Bxc3+ 7. bxc3 d6 8.
e3 e5 9. Bd3 Nbd7 10. Qc2 Qe7 11. e4 Nf8 12. Ne2 Ng6 13. Bg3 O-O 14. f3 Nh5
15. Bf2 Nhf4 16. g4 Ng2+ 17. Kd1 Qf6 18. Ng1 N6h4 19. Qe2 Nf4 20. Bxh4 Qxh4
21. Qf1 Bd7 22. Kd2 a6 23. Qe1 Qf6 24. h4 b5 25. Bc2 bxc4 26. Qg3 Rab8 27.
Ne2 Rb2 28. Nxf4 exf4 29. Qh2 Ba4 30. Rhc1 Rfb8 31. Qf2 Qd8 32. Kd1 Bxc2+
33. Rxc2 Rxc2 34. Kxc2 Qb6 35. Kc1 Qa5 36. Qc2 Qa3+ 37. Kd1 Rb3 38. axb3
Qxa1+ 39. Ke2 Qg1 40. b4 Qe3+ 41. Kd1 Qxf3+ 42. Kc1 cxb4 43. cxb4 Qe3+ 44.
Kb2 Qb3+ 0-1

[Event "21st Open"]
[Site "Reykjavik ISL"]
[Date "2004.03.07"]
[Round "1"]
[White "Bergsson,St"]
[Black "Pogorelov,R"]
[Result "0-1"]
[WhiteElo "2036"]
[BlackElo "2451"]
[EventDate "2004.03.07"]

1. e4 c5 2. Nf3 Nc6 3. d4 cxd4 4. Nxd4 Qc7 5. Nc3 e6 6. g3 a6 7. Bg2 Nf6 8.
O-O Be7 9. Re1 O-O 10. a4 d6 11. Nxc6 bxc6 12. a5 Nd7 13. Bf4 Rb8 14. b3 c5
15. Qd3 Ne5 16. Bxe5 dxe5 17. Red1 Rb4 18. Bf1 c4 19. bxc4 Rd8 20. Qe3 Rxd1
21. Nxd1 Bc5 22. Qd2 Rb8 23. Ne3 Bb4 24. Qd3 Bxa5 25. c5 Qxc5 26. Nc4 Bc7
27. Rd1 Bb7 28. Qb3 Bxe4 29. Qxb8+ Bxb8 30. Rd8+ Qf8 31. Rxf8+ Kxf8 32. Nb6
Bc7 33. Nd7+ Ke7 34. Nc5 Bxc2 35. Bxa6 Bb6 36. Bd3 Bxd3 37. Nxd3 e4 38. Ne1
e3 39. fxe3 Bxe3+ 40. Kg2 h5 41. Kf3 Bd2 42. Nd3 g5 43. h3 f5 44. g4 hxg4+
45. hxg4 Kd6 46. Nf2 Kd5 47. gxf5 exf5 48. Nd3 Kd4 49. Nf2 Be3 50. Nd1 g4+
51. Kg3 Bd2 52. Nb2 Ke4 53. Kf2 f4 54. Nc4 Be3+ 55. Kg2 f3+ 56. Kg3 Bf4+
57. Kf2 g3+ 58. Kf1 Be3 59. Nd6+ Kd3 0-1

[Event "21st Open"]
[Site "Reykjavik ISL"]
[Date "2004.03.07"]
[Round "1"]
[White "Sedlak,N"]
[Black "Thorfinnsson,Br"]
[Result "1/2-1/2"]
[WhiteElo "2539"]
[BlackElo "2380"]
[EventDate "2004.03.07"]

1. e4 c5 2. Nf3 d6 3. d4 cxd4 4. Nxd4 Nf6 5. Nc3 Nc6 6. Bg5 e6 7. Qd2 a6 8.
O-O-O Bd7 9. f3 b5 10. Nxc6 Bxc6 11. Bd3 Qc7 12. Kb1 Be7 13. Ne2 h6 14. Be3
Bb7 15. Nd4 Nd7 16. h4 h5 17. Bxb5 axb5 18. Nxb5 Qc4 19. Nxd6+ Bxd6 20.
Qxd6 Qxa2+ 21. Kc1 Qa1+ 22. Kd2 Qa6 23. Qxa6 Bxa6 24. b3 O-O-O 25. Kc3 Ne5
26. Ra1 Kb7 27. Ra5 f6 28. Rha1 Ra8 29. Kb2 Nc6 30. Rc5 e5 31. c4 Rhd8 32.
Kc3 Nd4 33. Ra2 Ne6 34. Rca5 Nd4 35. Rc5 Ne6 36. Rca5 Nc7 37. R2a4 Rd7 38.
Rb4+ Kc8 39. Rba4 Kb7 40. Rb4+ 1/2-1/2

[Event "21st Open"]
[Site "Reykjavik ISL"]
[Date "2004.03.07"]
[Round "1"]
[White "Bergsson,Sn"]
[Black "Korneev,O"]
[Result "0-1"]
[WhiteElo "2270"]
[BlackElo "2566"]
[EventDate "2004.03.07"]

1. d4 Nf6 2. c4 e6 3. Nc3 d5 4. Bg5 Be7 5. e3 O-O 6. cxd5 exd5 7. Bd3 Nbd7
8. Nf3 Re8 9. O-O c6 10. Qb1 a5 11. h3 Nf8 12. Bxf6 Bxf6 13. Na4 g6 14. a3
Be7 15. Rc1 Ne6 16. Ra2 Bd6 17. b4 axb4 18. axb4 Ng5 19. Nxg5 Qxg5 20. Kf1
Qf6 21. Re1 Bc7 22. Qd1 Qd6 23. Nc3 Rxa2 24. Nxa2 Qh2 25. Qf3 Kg7 26. Nc3
Re6 27. g4 Rf6 28. Qg2 Qd6 29. Rb1 Qe7 30. Kg1 Re6 31. Nd1 Qh4 32. Bf5 gxf5
33. gxf5+ Rg6 34. fxg6 Bxh3 35. Qf3 hxg6 36. Rc1 Qg5+ 37. Kh1 Bg4 0-1

[Event "21st Open"]
[Site "Reykjavik ISL"]
[Date "2004.03.07"]
[Round "1"]
[White "Maze,S"]
[Black "Johnsen,Sy"]
[Result "1-0"]
[WhiteElo "2462"]
[BlackElo "2083"]
[EventDate "2004.03.07"]

1. e4 g6 2. d4 c6 3. Nc3 d5 4. Nf3 Bg7 5. h3 dxe4 6. Nxe4 Nd7 7. Bc4 Ngf6
8. Nxf6+ Nxf6 9. O-O O-O 10. Qe2 b5 11. Bb3 a5 12. a3 Nd5 13. Re1 Ra7 14.
c3 Be6 15. Ba2 Qd6 16. Bb1 Rb8 17. Ng5 Bc8 18. Qf3 e5 19. Qg3 Re7 20. Nf3
f6 21. dxe5 fxe5 22. Bg5 Re8 23. Qh4 Bf5 24. Be4 b4 25. axb4 axb4 26. c4
Bxe4 27. Qxe4 Nb6 28. Red1 Qc7 29. Be3 Ra8 30. Rxa8 Rxa8 31. Ng5 Re8 32.
Bxb6 Qxb6 1-0

[Event "21st Open"]
[Site "Reykjavik ISL"]
[Date "2004.03.07"]
[Round "1"]
[White "Steindorsson,S"]
[Black "Schmaltz,R"]
[Result "1-0"]
[WhiteElo "2218"]
[BlackElo "2527"]
[EventDate "2004.03.07"]

1. c4 Nf6 2. Nc3 e6 3. e4 c5 4. e5 Ng8 5. Nf3 d6 6. exd6 Bxd6 7. d4 cxd4 8.
Nxd4 a6 9. Be2 Nf6 10. O-O O-O 11. h3 Be5 12. Be3 Bd7 13. Bf3 Nc6 14. Nxc6
Bxc6 15. Bxc6 bxc6 16. Qc2 Bxc3 17. Qxc3 Qe7 18. Bg5 h6 19. Bxf6 Qxf6 20.
Qxf6 gxf6 21. Rfd1 Rfd8 22. b4 Kf8 23. Kf1 Ke7 24. Ke2 Rg8 25. g3 Rg5 26.
Rd3 a5 27. f4 Rf5 28. Ra3 e5 29. Kf3 exf4 30. gxf4 Rg8 31. bxa5 Rh5 32. Ke4
Kd6 33. Rh1 Re8+ 34. Kf3 Kc7 35. a6 Kb8 36. Kg4 Rc5 37. Rb1+ Ka8 38. Rb7
Rg8+ 39. Kf3 Rh5 40. Kf2 Rf5 41. Kf3 Rh5 42. Rab3 Rxh3+ 43. Ke4 Rh2 44. a3
Rh5 45. Re7 Ra5 46. Rxf7 Re8+ 47. Kf3 f5 48. Rf6 Rc8 49. Rxh6 Ka7 50. Ke3
Kxa6 51. Rd6 Re8+ 52. Kd3 Rc8 53. Kd4 Rc7 54. Rd8 Ka7 55. Rbb8 Rd7+ 56.
Rxd7+ Kxb8 57. Rf7 Kc8 58. c5 Rxa3 59. Ke5 Rd3 60. Rxf5 Kd7 61. Rf7+ Kd8
62. Ke6 Rd5 63. Rf5 Rd4 64. Rf8+ Kc7 65. Rf7+ Kd8 66. f5 Rd1 67. f6 Ke8 68.
Ra7 Re1+ 69. Kd6 Kf8 70. f7 Re2 71. Kxc6 Rd2 72. Rd7 Rc2 73. Kb6 Rb2+ 74.
Kc7 Rb1 75. c6 Rh1 76. Kc8 1-0

[Event "21st Open"]
[Site "Reykjavik ISL"]
[Date "2004.03.07"]
[Round "1"]
[White "Bjornsson,S"]
[Black "Epishin,V"]
[Result "0-1"]
[WhiteElo "2337"]
[BlackElo "2633"]
[EventDate "2004.03.07"]

1. e4 c5 2. Nf3 e6 3. d4 cxd4 4. Nxd4 a6 5. c4 Bc5 6. Nb3 Be7 7. Nc3 d6 8.
Be3 Nf6 9. Be2 Nbd7 10. O-O b6 11. Rc1 Bb7 12. f3 O-O 13. Qd2 Qc7 14. Kh1
Rfe8 15. Nd4 Rac8 16. Rc2 Qb8 17. Rb1 Bf8 18. b4 Qa8 19. Na4 h6 20. Nb3 Rb8
21. c5 bxc5 22. bxc5 dxc5 23. Naxc5 Nxc5 24. Nxc5 Bxc5 25. Rxc5 Bxe4 26.
Rxb8 Qxb8 27. fxe4 Nxe4 28. Qa5 Nxc5 29. Qxc5 Rc8 30. Qa5 Rc6 31. h3 Qd6
32. a4 f5 33. Qe1 e5 34. a5 e4 35. Bb6 f4 36. Qb1 e3 37. Bf3 Rc8 38. Qe4
Kh8 39. Bd4 Rf8 40. Be5 Qe7 41. Qd4 e2 42. Bxe2 Re8 43. Bxf4 Qxe2 44. Bxh6
Qe1+ 45. Kh2 Qe5+ 46. Qxe5 Rxe5 47. Bd2 Rd5 48. Be1 Rd3 49. h4 Kh7 50. g3
Kg6 51. Kh3 Kf5 52. Bf2 g6 53. Bb6 Rc3 54. Ba7 Rc8 55. Bb6 Rh8 56. Bc5 Rh7
57. Bb4 Rd7 58. Bc5 Rd1 59. Bb6 Rc1 60. g4+ Kf4 61. h5 g5 62. Bd4 Rh1+ 63.
Kg2 Rh4 64. Bg7 Rxg4+ 65. Kf2 Kf5 0-1

[Event "21st Open"]
[Site "Reykjavik ISL"]
[Date "2004.03.07"]
[Round "1"]
[White "Atalik,S"]
[Black "Kjartansson,D"]
[Result "1-0"]
[WhiteElo "2554"]
[BlackElo "2267"]
[EventDate "2004.03.07"]

1. d4 Nf6 2. c4 g6 3. Nf3 Bg7 4. g3 O-O 5. Bg2 d6 6. O-O Nc6 7. Nc3 a5 8.
b3 Bg4 9. Bb2 Qc8 10. d5 Nb4 11. Qd2 Na6 12. Rac1 Nc5 13. e4 Bxf3 14. Bxf3
Qh3 15. Bg2 Qh6 16. f4 Nfd7 17. Rc2 a4 18. b4 a3 19. Bc1 Na4 20. Nd1 Ba1
21. Qf2 Qg7 22. Rd2 Nc3 23. Rd3 Nxd1 24. Rfxd1 Bb2 25. Be3 g5 26. Kh1 Kh8
27. Rg1 Rg8 28. Qe2 gxf4 29. gxf4 Nf6 30. Bf3 Qh6 31. c5 Rxg1+ 32. Bxg1 Nd7
33. Bg4 Nf8 34. cxd6 cxd6 35. f5 Nd7 1-0

[Event "21st Open"]
[Site "Reykjavik ISL"]
[Date "2004.03.08"]
[Round "2"]
[White "Sigurdsson,J"]
[Black "Arngrimsson,D"]
[Result "0-1"]
[WhiteElo "2002"]
[BlackElo "2239"]
[EventDate "2004.03.07"]

1. e4 e5 2. Bc4 Nf6 3. d4 Nxe4 4. dxe5 Nc5 5. Nf3 Be7 6. O-O O-O 7. Nc3 h6
8. Be3 Ne6 9. Qd2 d6 10. Rad1 Nd7 11. Bxe6 fxe6 12. Bxh6 Rxf3 13. gxf3 Nxe5
14. Kh1 Qf8 15. f4 Bd7 16. f3 Nxf3 17. Bxg7 Nxd2 18. Bxf8 Nxf1 19. Bxe7 Ne3
20. Rc1 Kf7 21. Bg5 Bc6+ 22. Kg1 Rh8 23. Ne2 Rh3 24. Nd4 Bd5 25. c4 Be4 26.
Re1 d5 27. Nxe6 Nxc4 28. Nc5 Nd2 29. Nxe4 dxe4 30. Kg2 Rxh2+ 31. Kg3 Nf3
32. Rxe4 Nxg5 33. fxg5 Rxb2 34. Rc4 c6 35. a4 Kg6 36. Kf4 a5 37. Ke5 Rb4
38. Rc5 Rxa4 39. Kd6 Rd4+ 40. Kc7 Rd5 41. Rc3 Rb5 0-1

[Event "21st Open"]
[Site "Reykjavik ISL"]
[Date "2004.03.08"]
[Round "2"]
[White "Olafsson,H1"]
[Black "Aronian,L"]
[Result "1/2-1/2"]
[WhiteElo "2504"]
[BlackElo "2648"]
[EventDate "2004.03.07"]

1. d4 Nf6 2. c4 e6 3. Nf3 d5 4. Nc3 dxc4 5. e4 Bb4 6. Bg5 c5 7. Bxc4 cxd4
8. Nxd4 Bxc3+ 9. bxc3 Qa5 10. Bb5+ Bd7 11. Bxf6 gxf6 12. Qb3 Bxb5 13. Nxb5
O-O 14. O-O Nc6 15. c4 Rad8 16. Qg3+ Kh8 17. Qh4 Kg7 18. Qg3+ Kh8 19. Qh4
1/2-1/2

[Event "21st Open"]
[Site "Reykjavik ISL"]
[Date "2004.03.08"]
[Round "2"]
[White "Thorfinnsson,Br"]
[Black "Krasenkow,M"]
[Result "0-1"]
[WhiteElo "2380"]
[BlackElo "2609"]
[EventDate "2004.03.07"]

1. d4 g6 2. c4 Bg7 3. e4 d6 4. Be2 Nc6 5. Be3 e5 6. Nf3 Bg4 7. dxe5 Bxf3 8.
Bxf3 dxe5 9. Qa4 Nge7 10. Nc3 O-O 11. h4 h5 12. Nd5 Nd4 13. Bxd4 exd4 14.
O-O-O Nc6 15. Kb1 Ne5 16. Qb3 c6 17. Nb4 Qf6 18. Rh3 d3 19. Nxd3 Nxd3 20.
Rxd3 Rad8 21. Bd1 Qxf2 22. Qc2 Qf6 23. g4 hxg4 24. Bxg4 Rxd3 25. Rxd3 Qxh4
26. Qg2 Re8 27. Bf3 Re5 28. Qd2 Rg5 29. a3 Rg1+ 30. Ka2 Rf1 31. Be2 Rf2 32.
Rf3 Rh2 33. Qe3 Qe1 0-1

[Event "21st Open"]
[Site "Reykjavik ISL"]
[Date "2004.03.08"]
[Round "2"]
[White "Sigfusson,S"]
[Black "Sedlak,N"]
[Result "0-1"]
[WhiteElo "2285"]
[BlackElo "2539"]
[EventDate "2004.03.07"]

1. e4 e5 2. Nf3 d6 3. d4 exd4 4. Nxd4 Nf6 5. Nc3 Be7 6. Be2 O-O 7. Be3 Re8
8. g4 d5 9. Nxd5 Nxd5 10. exd5 Qxd5 11. Bf3 Qe5 12. c3 Bg5 13. Nc2 Nc6 14.
h4 Bxe3 15. Nxe3 Qf4 16. Kf1 Bxg4 17. Nxg4 Rad8 18. Bd5 Ne7 19. Bxf7+ Qxf7
20. Qb3 Nd5 21. Rg1 Kh8 22. Rg3 Rf8 23. Qc2 Qh5 24. Kg1 Qxh4 25. Rd1 Nf4
26. Ne5 Rxd1+ 27. Qxd1 Nh3+ 0-1

[Event "21st Open"]
[Site "Reykjavik ISL"]
[Date "2004.03.08"]
[Round "2"]
[White "Korneev,O"]
[Black "Pokorna,Reg"]
[Result "1-0"]
[WhiteElo "2566"]
[BlackElo "2390"]
[EventDate "2004.03.07"]

1. e4 e5 2. Nf3 Nc6 3. Bb5 a6 4. Ba4 Nf6 5. O-O Be7 6. Re1 b5 7. Bb3 O-O 8.
c3 d5 9. d4 Nxe4 10. dxe5 Be6 11. Nbd2 Nc5 12. Bc2 Qd7 13. Nb3 Nxb3 14.
axb3 f5 15. exf6 Bxf6 16. Qd3 g6 17. Bh6 Rfe8 18. Qd2 Bg7 19. Bxg7 Kxg7 20.
b4 Bf5 21. Rxe8 Rxe8 22. Rxa6 Bxc2 23. Qxc2 d4 24. Qd3 Ne5 25. Qxd4 Qxd4
26. Nxd4 Nd3 27. Re6 Ra8 28. g3 Ra1+ 29. Kg2 Rb1 30. Re3 Nxb2 31. Ne6+ Kf7
32. Nxc7 Nc4 33. Rf3+ 1-0